[Event "AUT Bundesliga 2021-22"]
[Site "Graz"]
[Date "2022.04.21"]
[Round "9.36"]
[White "Gschiel, Alexander"]
[Black "Rogic, Davor"]
[Result "0-1"]
[WhiteElo "2109"]
[BlackElo "2446"]
[Annotator "TA"]
[PlyCount "78"]
[EventDate "2021.01.17"]
[EventType "team-tourn"]
[EventCountry "AUT"]
[SourceTitle "playchess.com"]
[Source "ChessBase"]
[SourceQuality "1"]
[TimeControl "40/5400+30:1800+30"]

{[%evp 19,78,0,3,0,8,0,0,0,33,0,26,9,13,16,16,19,68,65,137,55,59,24,19,0,0,0,36,38,34,40,44,33,60,30,24,25,31,7,0,-37,-35,-56,-24,-47,-42,-206,-201,-188,-134,-318,0,-182,-166,-188,-184,-248,-252,-302,-295,-1083,-804]} 1. d4 {[%emt 0:00:12]} d5 {[%emt 0:00:27]} 2. c4 {[%emt 0:00:19]} c6 {[%emt 0:00:33]} 3. Nf3 {[%emt 0:00:47]} Nf6 {[%emt 0:00:20]} 4. g3 {[%emt 0:00:36]} Bf5 {[%emt 0:01:27]} 5. Bg2 {[%emt 0:00:46]} e6 {[%emt 0:01:04]} 6. O-O {[%emt 0:00:39]} h6 {[%emt 0:02:34]} 7. Nc3 {[%emt 0:03:07]} Nbd7 {[%emt 0:01:54]} 8. Nd2 {[%emt 0:05:48]} Be7 {[%emt 0:03:24]} 9. e4 {[%emt 0:06:32]} dxe4 {[%emt 0:01:09]} 10. Ndxe4 {[%emt 0:00:15]} O-O {[%emt 0:03:00]} 11. Be3 {[%emt 0:06:28] D11: Slav Defence: 3 Nf3 sidelines and 3...Nf6 4 e3 Bg4.} Qa5 {[%emt 0:11:57] [#]} 12. Qe2 $146 {[%emt 0:07:32]} ({Predecessor:} 12. Qb3 Qb4 13. Rfd1 Nxe4 14. Nxe4 Rfd8 15. h3 a5 16. Rac1 Nf6 17. Nc3 a4 18. Qxb4 Bxb4 {0-1 (86) Lahaye,R (2361)-Bok,B (2594) Belgium 2017}) 12... Rfe8 {[%emt 0:06:39]} 13. a3 {[%emt 0:09:48] The position is equal.} Bg4 {[%emt 0:23:29]} 14. f3 {[%emt 0:05:02]} Bh5 {[%emt 0:01:43]} 15. b4 {[%emt 0:10:07]} Qa6 {[%emt 0:03:03]} 16. g4 {[%emt 0:04:56]} Bg6 {[%emt 0:01:03]} 17. f4 {[%emt 0:02:37] Against e5} Rad8 {[%emt 0:05:39]} (17... Nxe4 $11 18. Bxe4 (18. Nxe4 Rad8 $11) 18... Bxe4 19. Nxe4 f5) 18. Nd2 $1 $14 {[%emt 0:03:30]} Qb6 {[%emt 0:06:59]} (18... h5 $14) 19. c5 {[%emt 0:09:20]} (19. g5 $16) 19... Qc7 {[%emt 0:00:34]} 20. Nc4 {[%emt 0:01:50]} (20. g5 $5 {[%cal Rg5f6]} Nd5 21. Nxd5 exd5 22. Nf3 $11) 20... Nd5 {[%emt 0:01:26]} 21. Nxd5 {[%emt 0:02:39]} exd5 {[%emt 0:01:02]} 22. f5 {[%emt 0:02:06]} Bh7 {[%emt 0:04:50] [#]} (22... Bxf5 $5 {[%cal Rd5c4]} 23. Nd6 (23. Rxf5 dxc4 24. Qxc4 Nf6 $11) 23... Bg6 24. Nxe8 Rxe8 $14) 23. Bf4 $1 {[%emt 0:01:12]} Qc8 {[%emt 0:00:58]} (23... Bf6 $2 24. Qf2 (24. Bxc7 Rxe2 25. Bxd8 Bxd4+ 26. Ne3 Bxa1 $17) 24... Qc8 25. Nd6 $18) 24. Ne5 {[%emt 0:01:29]} Bf6 {[%emt 0:03:18]} 25. Qb2 {[%emt 0:01:23]} Re7 {[%emt 0:01:42]} 26. Rae1 {[%emt 0:02:12]} Bh4 {[%emt 0:01:21]} 27. Rb1 {[%emt 0:04:52]} Rde8 {[%emt 0:02:10]} 28. b5 {[%emt 0:01:03]} (28. Nf3 $5 {[%cal Rf3h4]} Bf6 29. Rbe1 $14) 28... Bf6 {[%emt 0:04:07][%cal Rd7e5]} 29. Nf3 {[%emt 0:01:40] [#]} Nxc5 $1 {[%emt 0:00:31] aiming for ...Nd3.} 30. Qc2 {[%emt 0:01:08] Against Nd3} (30. bxc6 bxc6) 30... Nd7 {[%emt 0:01:52]} 31. bxc6 {[%emt 0:01:55]} bxc6 {[%emt 0:00:08]} 32. Rfc1 $2 {[%emt 0:00:52]} (32. Rbc1 $15) 32... Re4 $1 $19 {[%emt 0:00:15]} 33. Qd2 {[%emt 0:00:44]} Re2 {[%emt 0:02:29]} (33... g5 $19 34. fxg6 Bxg6) 34. Qa5 $2 {[%emt 0:01:22]} (34. Qd3 $17) 34... R2e4 {[%emt 0:01:26]} (34... h5 $142 35. Ne5 Nxe5 36. dxe5 Bxf5 $1 {[%mdl 512]} 37. gxf5 Qxf5 $1) 35. Qd2 {[%emt 0:00:45] [#]} g5 $1 $36 {[%emt 0:00:46][%mdl 2048] Black is in control.} 36. fxg6 {[%emt 0:01:52]} Bxg6 {[%emt 0:00:08]} 37. Rb2 {[%emt 0:00:31]} (37. Rb3 $142) 37... Nb6 {[%emt 0:00:21]} 38. g5 {[%emt 0:00:29]} hxg5 {[%emt 0:00:23]} 39. Nxg5 $2 {[%emt 0:00:08]} (39. Bxg5 Bg7 40. Qf2) 39... Rxd4 {[%emt 0:00:51] Weighted Error Value: White=0.50/Black=0.23 (precise)} 0-1

[Event "AUT Bundesliga 2021-22"]
[Site "Graz"]
[Date "2022.04.22"]
[Round "10.1"]
[White "Rozentalis, Eduardas"]
[Black "Horvath, Dominik"]
[Result "*"]
[WhiteElo "2542"]
[BlackElo "2483"]
[Annotator "TA"]
[PlyCount "27"]
[EventDate "2021.11.04"]
[EventType "team-tourn"]
[EventCountry "AUT"]
[SourceTitle "playchess.com"]
[Source "ChessBase"]
[SourceQuality "1"]
[TimeControl "40/5400+30:1800+30"]

{[%evp 12,14,16,8,12]} 1. e4 {[%emt 0:00:05]} e5 {[%emt 0:00:03]} 2. Nf3 {[%emt 0:00:20]} Nc6 {[%emt 0:00:04]} 3. Bc4 {[%emt 0:00:11]} Bc5 {[%emt 0:00:05]} 4. c3 {[%emt 0:00:25]} Nf6 {[%emt 0:00:04]} 5. d3 {[%emt 0:00:02]} O-O {[%emt 0:00:40]} 6. O-O {[%emt 0:00:43]} d6 {[%emt 0:00:07]} 7. Nbd2 {[%emt 0:01:46]} a5 {[%emt 0:00:46] [#] Not much happened in this game. C54: Giuoco Piano: 4 c3 Nf6, main lines with 5 d4 and 5 d3.} {Predecessor:} 8. h3 $146 Ba7 9. Re1 Be6 10. Bb5 Ne7 11. d4 Ng6 12. Nf1 c6 13. Bd3 a4 14. Ng3 {½-½ (72) Alekseenko,K (2702)-Carlsen,M (2856) Warsaw 2021} *

[Event "AUT Bundesliga 2021-22"]
[Site "Graz"]
[Date "2022.04.22"]
[Round "10.2"]
[White "Rubil, Marko"]
[Black "Atlas, Valery"]
[Result "*"]
[WhiteElo "2293"]
[BlackElo "2423"]
[Annotator "TA"]
[PlyCount "34"]
[EventDate "2021.11.04"]
[EventType "team-tourn"]
[EventCountry "AUT"]
[SourceTitle "playchess.com"]
[Source "ChessBase"]
[SourceQuality "1"]
[TimeControl "40/5400+30:1800+30"]

{[%evp 11,12,22,34]} 1. e4 {[%emt 0:00:03]} c5 {[%emt 0:00:05]} 2. Nf3 {[%emt 0:00:04]} e6 {[%emt 0:00:05]} 3. d4 {[%emt 0:00:09]} cxd4 {[%emt 0:00:04]} 4. Nxd4 {[%emt 0:00:06]} Nf6 {[%emt 0:00:07]} 5. Nc3 {[%emt 0:00:08]} d6 {[%emt 0:00:07]} 6. Be2 {[%emt 0:03:10]} Nc6 {[%emt 0:00:50] [#]} {Predecessor:} 7. Be3 $146 {B83: Sicilian Scheveningen: 6 Be2, lines without ...a6.} Bd7 8. Qd2 a6 9. O-O-O b5 10. a3 b4 11. axb4 Nxb4 12. Kb1 e5 13. Nf5 d5 14. Bg5 Be6 15. f4 Qa5 16. Bxf6 gxf6 17. fxe5 fxe5 {½-½ (25) Dubov,D (2702)-Artemiev,V (2711) Moscow 2020} *

[Event "AUT Bundesliga 2021-22"]
[Site "Graz"]
[Date "2022.04.22"]
[Round "10.3"]
[White "Baenziger, Fabian"]
[Black "Kuthan, Andreas"]
[Result "*"]
[WhiteElo "2418"]
[BlackElo "2207"]
[Annotator "TA"]
[PlyCount "40"]
[EventDate "2021.11.04"]
[EventType "team-tourn"]
[EventCountry "AUT"]
[SourceTitle "playchess.com"]
[Source "ChessBase"]
[SourceQuality "1"]
[TimeControl "40/5400+30:1800+30"]

{[%evp 13,14,39,25]} 1. d4 {[%emt 0:00:05]} Nf6 {[%emt 0:00:05]} 2. Nf3 {[%emt 0:01:27]} g6 {[%emt 0:00:17]} 3. c4 {[%emt 0:01:31]} Bg7 {[%emt 0:00:07]} 4. g3 {[%emt 0:00:05]} O-O {[%emt 0:00:09]} 5. Bg2 {[%emt 0:00:04]} d6 {[%emt 0:00:28]} 6. Nc3 {[%emt 0:00:35]} Nbd7 {[%emt 0:00:39]} 7. O-O {[%emt 0:00:21]} e5 {[%emt 0:00:13] [#]} {Predecessor:} 8. e4 $146 {E68: King's Indian: Fianchetto: 6...Nbd7 7 0-0 e5 8 e4.} exd4 9. Nxd4 Re8 10. h3 a6 11. Re1 Rb8 12. a4 a5 13. Be3 c6 14. Qc2 Nc5 15. b3 Nfd7 16. Rab1 Na6 17. f4 Ndc5 18. Qd2 Nb4 19. Kh2 h5 20. Re2 Qf6 {1-0 (38) Carlsen,M (2865)-Mamedyarov,S (2767) chess24.com INT 2022} *

[Event "AUT Bundesliga 2021-22"]
[Site "Graz"]
[Date "2022.04.22"]
[Round "10.4"]
[White "Boric, Elena"]
[Black "Novkovic, Milan"]
[Result "*"]
[WhiteElo "2191"]
[BlackElo "2360"]
[Annotator "TA"]
[PlyCount "37"]
[EventDate "2021.11.04"]
[EventType "team-tourn"]
[EventCountry "AUT"]
[SourceTitle "playchess.com"]
[Source "ChessBase"]
[SourceQuality "1"]
[TimeControl "40/5400+30:1800+30"]

{[%evp 8,8,9]} 1. d4 {[%emt 0:00:16]} Nf6 {[%emt 0:00:31]} 2. Bf4 {[%emt 0:00:43]} e6 {[%emt 0:02:15]} 3. e3 {[%emt 0:00:51]} c5 {[%emt 0:00:13]} 4. c3 {[%emt 0:00:41]} b6 {[%emt 0:00:26] [#] Not much happened in this game.} {Predecessor:} 5. Nf3 $146 Be7 6. h3 {A47: 1 d4 Nf6 2 Nf3 b6: Torre, London and Colle Systems.} O-O 7. Nbd2 cxd4 8. exd4 Bb7 9. Bd3 d6 10. O-O Nbd7 11. Qe2 a6 12. a4 Re8 13. Bh2 h6 14. Rfe1 Bf8 15. Nc4 Qc7 16. Ne3 Nd5 17. Nxd5 Bxd5 18. Bxa6 Bxf3 19. gxf3 {1-0 (34) Carlsen,M (2837)-Akobian,V (2647) Riadh 2017} *

[Event "AUT Bundesliga 2021-22"]
[Site "Graz"]
[Date "2022.04.22"]
[Round "10.5"]
[White "Mundorf, Johannes"]
[Black "Gschiel, Alexander"]
[Result "*"]
[WhiteElo "2257"]
[BlackElo "2186"]
[Annotator "TA"]
[PlyCount "30"]
[EventDate "2021.11.04"]
[EventType "team-tourn"]
[EventCountry "AUT"]
[SourceTitle "playchess.com"]
[Source "ChessBase"]
[SourceQuality "1"]
[TimeControl "40/5400+30:1800+30"]

{[%evp 11,12,25,39]} 1. Nf3 {[%emt 0:00:18]} d5 {[%emt 0:00:20]} 2. g3 {[%emt 0:00:08]} Nf6 {[%emt 0:00:16]} 3. Bg2 {[%emt 0:00:07]} e6 {[%emt 0:00:20]} 4. O-O {[%emt 0:00:28]} Be7 {[%emt 0:00:27]} 5. c4 {[%emt 0:00:18]} O-O {[%emt 0:00:42]} 6. d4 {[%emt 0:00:17]} dxc4 {[%emt 0:00:58] [#]} {Predecessor:} 7. Qc2 $146 {E05: Open Catalan: 5 Nf3 Be7.} b5 8. a4 Bb7 9. axb5 a6 10. Nc3 axb5 11. Rxa8 Bxa8 12. Nxb5 Bd5 13. Bg5 Nc6 14. Bxf6 gxf6 15. e4 Nb4 {½-½ (62) Andreikin,D (2729)-Nepomniachtchi,I (2773) Chess.com INT 2022} *

[Event "AUT Bundesliga 2021-22"]
[Site "Graz"]
[Date "2022.04.22"]
[Round "10.6"]
[White "Kosc, Renata"]
[Black "Atlas, Dmitry"]
[Result "*"]
[WhiteElo "1974"]
[BlackElo "2250"]
[Annotator "TA"]
[PlyCount "31"]
[EventDate "2021.11.04"]
[EventType "team-tourn"]
[EventCountry "AUT"]
[SourceTitle "playchess.com"]
[Source "ChessBase"]
[SourceQuality "1"]
[TimeControl "40/5400+30:1800+30"]

{[%evp 9,9,-3]} 1. e4 {[%emt 0:00:06]} e6 {[%emt 0:00:21]} 2. d4 {[%emt 0:00:09]} d5 {[%emt 0:00:11]} 3. Nc3 {[%emt 0:00:13]} Bb4 {[%emt 0:00:08]} 4. e5 {[%emt 0:00:21]} c5 {[%emt 0:00:33]} 5. Bd2 {[%emt 0:00:25] [#] An uneventful encounter.} {Predecessor:} a6 $146 6. Nce2 {C17: French: 3 Nc3 Bb4 4 e5 c5 sidelines.} Bxd2+ 7. Qxd2 cxd4 8. Nxd4 Nc6 9. f4 Nxd4 10. Qxd4 Ne7 11. Bd3 Bd7 12. Nf3 Bb5 13. O-O-O Nc6 14. Qc5 Qe7 15. Qxe7+ Kxe7 16. Kb1 {½-½ (16) Nakamura,H (2736)-Andreikin,D (2724) Chess.com INT 2022} *

[Event "AUT Bundesliga 2021-22"]
[Site "Graz"]
[Date "2022.04.22"]
[Round "10.7"]
[White "Ragger, Markus"]
[Black "Bosiocic, Marin"]
[Result "*"]
[WhiteElo "2656"]
[BlackElo "2522"]
[Annotator "TA"]
[PlyCount "40"]
[EventDate "2021.11.04"]
[EventType "team-tourn"]
[EventCountry "AUT"]
[SourceTitle "playchess.com"]
[Source "ChessBase"]
[SourceQuality "1"]
[TimeControl "40/5400+30:1800+30"]

{[%evp 16,26,26,25,22,19,26,27,27,18,14,1,11]} 1. e4 {[%emt 0:00:02]} c5 {[%emt 0:00:06]} 2. Nf3 {[%emt 0:00:04]} Nc6 {[%emt 0:00:06]} 3. Bb5 {[%emt 0:00:04]} e6 {[%emt 0:00:09]} 4. O-O {[%emt 0:00:05]} Nge7 {[%emt 0:00:10]} 5. Re1 {[%emt 0:00:08]} a6 {[%emt 0:00:06]} 6. Bf1 {[%emt 0:00:08]} d5 {[%emt 0:00:06]} 7. exd5 {[%emt 0:00:26]} Nxd5 {[%emt 0:00:07]} 8. d4 {[%emt 0:00:05]} Nf6 {[%emt 0:00:09]} 9. Be3 {[%emt 0:00:16]} Be7 {[%emt 0:00:11] B30: Sicilian: 2...Nc6 3 Bb5, lines without ...g6.} 10. c4 {[%emt 0:00:24]} O-O {[%emt 0:00:14]} 11. Nc3 {[%emt 0:00:15]} cxd4 {[%emt 0:00:10]} 12. Nxd4 {[%emt 0:00:03]} Ne5 {[%emt 0:00:12] is now more promising than 12...Bd7.} 13. h3 {[%emt 0:00:16] Prevents Neg4.} Bd7 {[%emt 0:00:55] [#] Not much happened in this game.  Weighted Error Value: White=0.03 (flawless) /Black=0.02 (flawless)} {Predecessor:} 14. Qb3 $146 Qc7 15. Rac1 Rfc8 16. Na4 Bxa4 17. Qxa4 Rd8 18. Red1 Bc5 19. b4 Neg4 20. hxg4 Nxg4 {½-½ (40) Nepomniachtchi,I (2782)-Salem,A (2690) Warsaw 2021} *

[Event "AUT Bundesliga 2021-22"]
[Site "Graz"]
[Date "2022.04.22"]
[Round "10.8"]
[White "Brkic, Ante"]
[Black "Predojevic, Borki"]
[Result "*"]
[WhiteElo "2607"]
[BlackElo "2585"]
[Annotator "TA"]
[PlyCount "28"]
[EventDate "2021.11.04"]
[EventType "team-tourn"]
[EventCountry "AUT"]
[SourceTitle "playchess.com"]
[Source "ChessBase"]
[SourceQuality "1"]
[TimeControl "40/5400+30:1800+30"]

{[%evp 7,7,14]} 1. e4 {[%emt 0:00:03]} c6 {[%emt 0:00:07]} 2. d4 {[%emt 0:00:08]} d5 {[%emt 0:00:06]} 3. e5 {[%emt 0:00:03]} Bf5 {[%emt 0:00:07]} 4. c4 {[%emt 0:03:24] [#] Not much happened in this game.} {Predecessor:} e6 $146 5. Nc3 Ne7 6. h3 {B12: Caro-Kann: Advance Variation.} Nd7 7. Nf3 Bg6 8. b3 Nf5 9. Be2 Bb4 10. Bb2 O-O 11. O-O f6 12. a3 Ba5 13. cxd5 cxd5 14. exf6 Qxf6 {1-0 (53) Carlsen,M (2856)-Firouzja,A (2804) Warsaw 2021} *

[Event "AUT Bundesliga 2021-22"]
[Site "Graz"]
[Date "2022.04.22"]
[Round "10.9"]
[White "Handler, Lukas"]
[Black "Heberla, Bartlomiej"]
[Result "*"]
[WhiteElo "2436"]
[BlackElo "2568"]
[Annotator "TA"]
[PlyCount "31"]
[EventDate "2021.11.04"]
[EventType "team-tourn"]
[EventCountry "AUT"]
[SourceTitle "playchess.com"]
[Source "ChessBase"]
[SourceQuality "1"]
[TimeControl "40/5400+30:1800+30"]

{[%evp 13,18,37,51,47,44,40,52]} 1. d4 {[%emt 0:00:03]} Nf6 {[%emt 0:00:01]} 2. c4 {[%emt 0:00:07]} c5 {[%emt 0:00:05]} 3. d5 {[%emt 0:00:05]} g6 {[%emt 0:00:03]} 4. Nc3 {[%emt 0:00:09]} Bg7 {[%emt 0:00:05]} 5. e4 {[%emt 0:00:14]} d6 {[%emt 0:00:08]} 6. Be2 {[%emt 0:00:56]} O-O {[%emt 0:00:07]} 7. Be3 {[%emt 0:01:33]} e6 {[%emt 0:00:07] White is slightly better.} 8. Nf3 {[%emt 0:00:22] E73: King's Indian: Averbakh Variation without 6...c5.} Re8 {[%emt 0:00:05]} 9. Nd2 {[%emt 0:01:15]} Na6 {[%emt 0:00:06] [#]  Weighted Error Value: White=0.00 (flawless) /Black=0.00 (flawless)} {Predecessor:} 10. O-O $146 Nc7 11. a4 b6 12. Qc2 Ba6 13. Rae1 exd5 14. exd5 Bc8 15. h3 Na6 16. Bf4 {0-1 (39) Pashikian,A (2605)-Vishnu,P (2493) Moscow 2019} *

[Event "AUT Bundesliga 2021-22"]
[Site "Graz"]
[Date "2022.04.22"]
[Round "10.10"]
[White "Martinovic, Sasa"]
[Black "Kreisl, Robert"]
[Result "*"]
[WhiteElo "2554"]
[BlackElo "2398"]
[Annotator "TA"]
[PlyCount "31"]
[EventDate "2021.11.04"]
[EventType "team-tourn"]
[EventCountry "AUT"]
[SourceTitle "playchess.com"]
[Source "ChessBase"]
[SourceQuality "1"]
[TimeControl "40/5400+30:1800+30"]

{[%evp 9,16,27,37,35,18,17,30,17,33]} 1. d4 {[%emt 0:00:02]} d5 {[%emt 0:00:04]} 2. c4 {[%emt 0:00:05]} dxc4 {[%emt 0:00:03]} 3. Nf3 {[%emt 0:00:13]} Nf6 {[%emt 0:00:04]} 4. e3 {[%emt 0:00:04]} b5 {[%emt 0:00:17]} 5. a4 {[%emt 0:00:34]} b4 {[%emt 0:02:07]} 6. Bxc4 {[%emt 0:00:07] D25: Queen's Gambit Accepted: 4 e3: sidelines and 4...Bg4.} e6 {[%emt 0:00:04]} 7. O-O {[%emt 0:00:21]} Be7 {[%emt 0:00:27]} 8. Nbd2 {[%emt 0:01:26]} Bb7 {[%emt 0:00:06] [#] Not much happened in this game.  Weighted Error Value: White=0.01 (flawless) /Black=0.00 (flawless)} {Predecessor:} 9. a5 $146 a6 10. Qa4+ Nfd7 11. e4 O-O 12. Rd1 Nf6 13. Qc2 c5 14. e5 Nfd7 15. Ne4 cxd4 16. Rxd4 {1-0 (38) Postny,E (2620)-Nabaty,T (2649) Tiberias 2016} *

[Event "AUT Bundesliga 2021-22"]
[Site "Graz"]
[Date "2022.04.22"]
[Round "10.11"]
[White "Buhmann, Rainer"]
[Black "Saric, Ante"]
[Result "*"]
[WhiteElo "2569"]
[BlackElo "2513"]
[Annotator "TA"]
[PlyCount "34"]
[EventDate "2021.11.04"]
[EventType "team-tourn"]
[EventCountry "AUT"]
[SourceTitle "playchess.com"]
[Source "ChessBase"]
[SourceQuality "1"]
[TimeControl "40/5400+30:1800+30"]

{[%evp 17,21,8,2,6,8,13]} 1. d4 {[%emt 0:00:04]} Nf6 {[%emt 0:00:06]} 2. Nf3 {[%emt 0:00:04]} d5 {[%emt 0:00:05]} 3. c4 {[%emt 0:00:05]} e6 {[%emt 0:00:04]} 4. e3 {[%emt 0:00:06]} Be7 {[%emt 0:00:04]} 5. b3 {[%emt 0:00:07]} O-O {[%emt 0:00:06]} 6. Bd3 {[%emt 0:00:07]} c5 {[%emt 0:00:04]} 7. O-O {[%emt 0:00:12]} cxd4 {[%emt 0:00:15]} 8. exd4 {[%emt 0:00:16]} Nc6 {[%emt 0:00:12]} 9. Bb2 {[%emt 0:00:26]} b6 {[%emt 0:00:14]} 10. Nbd2 {[%emt 0:00:12] A13: English Opening: 1...e6.} Nb4 {[%emt 0:01:21]} 11. Be2 {[%emt 0:01:55] [#] A rather calm draw.} {Predecessor:} Bb7 $146 12. Ne5 Rc8 13. f4 Rc7 14. Ndf3 Ne4 15. Nd2 dxc4 16. bxc4 Qa8 17. Nb3 f6 {0-1 (37) Forcen Esteban,D (2555)-Narciso Dublan,M (2548) Roquetas de Mar 2016} *

[Event "AUT Bundesliga 2021-22"]
[Site "Graz"]
[Date "2022.04.22"]
[Round "10.12"]
[White "Rogic, Davor"]
[Black "Halvax, Georg"]
[Result "*"]
[WhiteElo "2453"]
[BlackElo "2405"]
[Annotator "TA"]
[PlyCount "18"]
[EventDate "2021.11.04"]
[EventType "team-tourn"]
[EventCountry "AUT"]
[SourceTitle "playchess.com"]
[Source "ChessBase"]
[SourceQuality "1"]
[TimeControl "40/5400+30:1800+30"]

{[%evp 17,18,21,45]} 1. e4 {[%emt 0:00:07]} c5 {[%emt 0:00:08]} 2. Nf3 {[%emt 0:00:20][%cal Bg1f3,Bf3d4,Bd4b5][%mdl 32]} Nc6 {[%emt 0:00:11]} 3. d4 {[%emt 0:00:17]} cxd4 {[%emt 0:00:10]} 4. Nxd4 {[%emt 0:00:10]} Nf6 {[%emt 0:00:14]} 5. Nc3 {[%emt 0:00:15]} e5 {[%emt 0:00:09]} 6. Ndb5 {[%emt 0:00:19]} d6 {[%emt 0:00:11]} 7. Bg5 {[%emt 0:00:19]} a6 {[%emt 0:00:10]} 8. Na3 {[%emt 0:00:17]} b5 {[%emt 0:00:09]} 9. Nd5 {[%emt 0:00:26] [#]} Qa5+ $146 {[%emt 0:00:10]} ({Predecessor:} 9... Be7 10. Bxf6 Bxf6 11. c3 Bg5 12. Nc2 Ne7 13. Ncb4 O-O 14. g3 Be6 15. h4 Bh6 16. Bg2 a5 17. Nxe7+ Qxe7 18. Nd5 Qb7 19. g4 Bxd5 20. Qxd5 Qxd5 21. exd5 {½-½ (25) Sindarov,J (2558)-Vakhidov,J (2534) Chess.com INT 2021}) *

[Event "AUT Bundesliga 2021-22"]
[Site "Graz"]
[Date "2022.04.22"]
[Round "10.13"]
[White "Lenic, Luka"]
[Black "Shengelia, David"]
[Result "*"]
[WhiteElo "2634"]
[BlackElo "2503"]
[Annotator "TA"]
[PlyCount "37"]
[EventDate "2021.11.04"]
[EventType "team-tourn"]
[EventCountry "AUT"]
[SourceTitle "playchess.com"]
[Source "ChessBase"]
[SourceQuality "1"]
[TimeControl "40/5400+30:1800+30"]

{[%evp 9,10,12,14]} 1. d4 {[%emt 0:00:05]} Nf6 {[%emt 0:00:11]} 2. c4 {[%emt 0:00:06]} e6 {[%emt 0:00:08]} 3. Nf3 {[%emt 0:00:08]} b6 {[%emt 0:00:29]} 4. g3 {[%emt 0:00:22]} Bb7 {[%emt 0:00:56]} 5. Bg2 {[%emt 0:00:14]} Be7 {[%emt 0:01:18] [#]} {Predecessor:} 6. O-O $146 {E19: Queen's Indian: Old Main Line with 7...Ne4 8 Qc2 Nxc3 8 Qxc3.} O-O 7. Nc3 Ne4 8. Qc2 Nxc3 9. Qxc3 c5 10. Rd1 d6 11. d5 exd5 12. cxd5 Bf6 13. Qc2 Nd7 14. Bf4 Qe7 15. e4 Rfe8 16. Re1 b5 17. a4 a6 18. axb5 axb5 19. Qb3 {½-½ (46) Caruana,F (2806)-Rapport,R (2763) Saint Louis 2021} *

[Event "AUT Bundesliga 2021-22"]
[Site "Graz"]
[Date "2022.04.22"]
[Round "10.14"]
[White "Doric, Darko"]
[Black "Lagarde, Maxime"]
[Result "*"]
[WhiteElo "2478"]
[BlackElo "2626"]
[Annotator "TA"]
[PlyCount "26"]
[EventDate "2021.11.04"]
[EventType "team-tourn"]
[EventCountry "AUT"]
[SourceTitle "playchess.com"]
[Source "ChessBase"]
[SourceQuality "1"]
[TimeControl "40/5400+30:1800+30"]

{[%evp 7,7,27]} 1. Nf3 {[%emt 0:00:04]} Nf6 {[%emt 0:00:17]} 2. g3 {[%emt 0:00:20]} b5 {[%emt 0:01:03]} 3. Bg2 {[%emt 0:00:34]} Bb7 {[%emt 0:00:06]} 4. O-O {[%emt 0:00:31] [#] A rather calm draw.} {Predecessor:} e6 $146 5. b3 c5 6. c4 {A05: Réti Opening: 1 Nf3 Nf6.} b4 7. a3 a5 8. Bb2 Be7 9. d4 O-O 10. axb4 cxb4 11. Nbd2 d6 12. Qc2 Qc7 13. e4 Rc8 {½-½ (39) Duda,J (2750)-Le,Q (2709) chess24.com INT 2022} *

[Event "AUT Bundesliga 2021-22"]
[Site "Graz"]
[Date "2022.04.22"]
[Round "10.15"]
[White "Schreiner, Peter"]
[Black "Lehner, Oliver"]
[Result "*"]
[WhiteElo "2435"]
[BlackElo "2393"]
[Annotator "TA"]
[PlyCount "28"]
[EventDate "2021.11.04"]
[EventType "team-tourn"]
[EventCountry "AUT"]
[SourceTitle "playchess.com"]
[Source "ChessBase"]
[SourceQuality "1"]
[TimeControl "40/5400+30:1800+30"]

{[%evp 8,8,9]} 1. d4 {[%emt 0:00:15]} Nf6 {[%emt 0:00:07]} 2. c4 {[%emt 0:00:05]} e6 {[%emt 0:00:05]} 3. g3 {[%emt 0:00:11]} d5 {[%emt 0:00:25]} 4. Bg2 {[%emt 0:03:29]} dxc4 {[%emt 0:00:47] [#] Not much happened in this game.} {Predecessor:} 5. Nf3 $146 Bb4+ 6. Bd2 {E04: Open Catalan: 5 Nf3.} a5 7. Qc1 b6 8. Bxb4 axb4 9. Qxc4 Bb7 10. O-O Nc6 11. Nbd2 O-O 12. Rfc1 Nd5 13. Qc2 h6 14. Nc4 Ra7 {1-0 (58) Grischuk,A (2764)-Carlsen,M (2856) Warsaw 2021} *

[Event "AUT Bundesliga 2021-22"]
[Site "Graz"]
[Date "2022.04.22"]
[Round "10.16"]
[White "Tica, Sven"]
[Black "Diermair, Andreas"]
[Result "*"]
[WhiteElo "2423"]
[BlackElo "2469"]
[Annotator "TA"]
[PlyCount "27"]
[EventDate "2021.11.04"]
[EventType "team-tourn"]
[EventCountry "AUT"]
[SourceTitle "playchess.com"]
[Source "ChessBase"]
[SourceQuality "1"]
[TimeControl "40/5400+30:1800+30"]

{[%evp 10,11,35,32]} 1. d4 {[%emt 0:00:05]} e6 {[%emt 0:00:10]} 2. c4 {[%emt 0:00:07]} f5 {[%emt 0:00:37]} 3. Nf3 {[%emt 0:00:07]} Nf6 {[%emt 0:00:03]} 4. g3 {[%emt 0:00:07]} d5 {[%emt 0:00:07]} 5. Bg2 {[%emt 0:00:06]} Be7 {[%emt 0:00:37]} 6. O-O {[%emt 0:02:10] [#]} {Predecessor:} Ne4 $146 {A92: Classical Dutch: Classical Stonewall (with ...Be7): Early deviations.} 7. Nc3 c6 8. Qc2 Nd7 9. Rb1 a5 10. a3 O-O 11. Bf4 g5 12. Bd2 Bf6 13. e3 Rf7 14. Rfc1 {½-½ (52) Caruana,F (2792)-Rapport,R (2763) Baku 2021} *